000 00456nam a2200181Ia 4500
008 230524s9999 xx 000 0 und d
020 _a8180140091
082 _bGUP
100 _aB.L.Gupta
_942828
245 0 _a"Roads,Railways,Bridges,Tunnels & Harbour Dock Engineering"
250 _a5
260 _aNew Delhi
_bDhanpat rai
300 _a2014p:
500 _aQuantity Number: 1
650 _aCivil
700 _aAmit Gupta
_942829
942 _cBK
999 _c57800
_d57800